El nuevo sistema de pensiones y la reestructuración de cotizaciones previsionales

Saved in:
Bibliografiske detaljer
Hovedforfatter: Rivas Guzmán, Ramón (Author)
Format: Bog
Sprog:spansk
Udgivet: Santiago Jurídica de Chile 1984
Fag:
Tags: Tilføj Tag
Ingen Tags, Vær først til at tagge denne postø!

MARC

LEADER 00000nam a2200000 a 4500
001 UCS2237
003 CL-VaPUC
008 970523e19840000CL |||||||||||||||||spa|d
082 0 4 |a 344.02  |b RIV  |2 21 
100 0 |a Rivas Guzmán, Ramón  |e author  |9 387421 
245 1 3 |a El nuevo sistema de pensiones y la reestructuración de cotizaciones previsionales 
300 |a 246 p 
942 |c BK 
945 |d 19970523 00:00:00  |a cmena 
260 |a Santiago  |b Jurídica de Chile  |c 1984 
600 0 7 |a MINISTERIO DEL TRABAJO  |2 CL-VaPUC  |9 387422 
650 7 |a DERECHO LABORAL  |2 CL-VaPUC  |9 15 
650 7 |a PENSIONES  |2 CL-VaPUC  |9 323807 
650 7 |a FONDOS DE PENSIONES  |2 CL-VaPUC  |9 327976 
650 0 |a Jurisprudencia  |9 255952 
650 0 |a Administradoras de Fondos de Pensiones (AFP)  |9 255319 
650 0 |a Renta vitalicia  |9 351724 
650 0 |a Seguridad social  |9 255322 
651 7 |a CHILE  |2 CL-VaPUC  |9 387423 
583 |a last modification  |c 20170712 10:07:19  |k Rodrigo Vera 
999 |c 260213  |d 260211 
952 |0 0  |1 0  |4 0  |6 344_020000000000000_RIV_1984  |7 0  |8 A  |9 286128  |a BIBDER  |b BIBDER  |d 2019-11-19  |i 1858319  |l 6  |m 11  |o 344.02 RIV 1984  |p 1858319  |r 2023-11-17  |s 2023-11-09  |w 2019-11-19  |y BK  |k DER